Geography Quiz

Random Geography or Asia Quiz

The United Arab Emirates Quiz Stats

 Plays Quiz not verified by Sporcle

Challenge
Share
Tweet
Embed
Score 0/30 Timer 05:00
1 Play Today
Hint Answer % Correct
Flag ColorRed
96.4%
Flag ColorWhite
96.4%
Flag ColorBlack
95.9%
Flag ColorGreen
95.4%
Capital CityAbu Dhabi
87.3%
Largest EmirateAbu Dhabi
87.3%
Bordering CountryOman
86.8%
Official LanguageArabic
85.8%
Official NameUnited Arab Emirates
84.8%
Largest CityDubai
84.3%
Bordering CountrySaudi Arabia
83.2%
ContinentAsia
82.2%
Largest ReligionIslam
79.7%
Tallest Building in the WorldBurj Khalifa
72.6%
Drives on the...Right
72.1%
Hint Answer % Correct
Independence FromUnited Kingdom
68.5%
Nationality (Demonym)Emirati, Emirian or Emiri
62.4%
PeninsulaArabian Peninsula
60.4%
CurrencyDirham
59.4%
Internet Code.ae
56.9%
Independence DayDecember 2, 1971
38.1%
Lowest PointPersian Gulf (0 m)
37.6%
PresidentKhalifa bin Zayed Al Nahyan
36%
Prime MinisterMohammed bin Rashid Al Maktoum
32%
Number of Members in the FNC40
30.5%
National AnthemĪšiy Bilādī (Long Live my Nation)
26.4%
Smallest EmirateUmm al-Quwain
25.9%
Highest PointJabal Yibir (1,527 m)
22.8%
Fastest Roller Coaster in the WorldFormula Rossa
19.3%
Official Mottoالله , الوطن , الرئيس (God, the Homeland, President)
16.8%

You're not logged in!

Compare scores with friends on all Sporcle quizzes.
Join for Free
OR
Log In

You Might Also Like...

Show Comments

Extras

Top Quizzes Today


Score Distribution

Your Account Isn't Verified!

In order to create a playlist on Sporcle, you need to verify the email address you used during registration. Go to your Sporcle Settings to finish the process.

Report this User

Report this user for behavior that violates our Community Guidelines.

Details: